000 01204njm a22002897a 4500
005 20100918123637.0
006 a|||||r|||||00| 0
007 sd ammalaaahaa
008 100831t xxu||||| |||| 00| 0 eng d
028 _aS/45NLP.116
_bHis Master's Voice
035 _aGR-03567
040 _aSED
_cSED
100 _aKohli, Surinder
_917690
245 _aMain ram naam gun gaoon /
_cby Surinder Kohli [and] Pradeep Chatterji; lyric by Bhawani Prasad Shukla
_h[Sound Recording] :
246 _aमैं राम नाम गुण गाऊँ / सुरिंदर कोहली द्वारा
260 _aDum Dum India
_bHis Master's Voice
_c1979
300 _a1 sound disc (Gramophone Recording)
_banalog 33 1/3 rpm
_c12 in. (LP)
_fGramophone Record
500 _aBrief Record
500 _aRecord label:His Master's Voice;Red
505 _aSide-2 Darshan do durga maharani (Pradeep Chatterji)
600 _aKohli, Surinder
_920670
650 _aDevotional songs
_xExcerpts
_zIndia
_917691
700 _aSurinder, Kohli
_920671
700 _aShukla, Bhawani Prasad
_920672
942 _2ddc
_cGR
999 _c46744
_d46744